[Event "II Balkanski Grand Prix"]
[Site "Cetinje"]
[Date "2009.08.09"]
[Round "1.1"]
[White "Popovic, Mladen"]
[Black "Iotov, Valentin"]
[Result "0-1"]
[WhiteElo "2190"]
[BlackElo "2603"]
[PlyCount "88"]
[EventDate "2009.??.??"]
[EventRounds "9"]

1. e4 c5 2. Nf3 e6 3. d4 cxd4 4. Nxd4 Nc6 5. Nc3 Qc7 6. Be3 a6 7. Be2 Nf6 8.
O-O Be7 9. a4 O-O 10. f4 d6 11. Nb3 b6 12. Qe1 Nb4 13. Rc1 Bb7 14. Bf3 Rab8 15.
Qf2 Ba8 16. g4 d5 17. e5 Ne4 18. Bxe4 dxe4 19. f5 exf5 20. gxf5 Qxe5 21. Ne2
Rbc8 22. Ng3 Rc4 23. Nh5 f6 24. Qe2 Rfc8 25. Qg4 Bf8 26. c3 Nd5 27. Bd4 e3 28.
Rc2 Qe7 29. Rg2 Qf7 30. Rg3 R8c7 31. a5 b5 32. Qf3 Kh8 33. Nc1 Bb7 34. Qg4 Bd6
35. Rh3 Rxd4 36. cxd4 Rc2 37. Ne2 h6 38. Nhg3 Ne7 39. Rc1 Qd5 40. Qe4 Rxc1+ 41.
Nxc1 Qxe4 42. Nxe4 Bxe4 43. Rxe3 Bxf5 44. Nb3 Kg8 0-1

[Event "II Balkanski Grand Prix"]
[Site "Cetinje"]
[Date "2009.08.09"]
[Round "1.2"]
[White "Kovacevic, Aleksandar"]
[Black "Batricevic, Jovo"]
[Result "1-0"]
[WhiteElo "2575"]
[BlackElo "2287"]
[PlyCount "79"]
[EventDate "2009.??.??"]
[EventRounds "9"]

1. e4 c5 2. Nf3 Nc6 3. Bb5 a6 4. Bxc6 dxc6 5. d3 Qc7 6. O-O e5 7. Nbd2 f6 8. a4
a5 9. Nc4 Be6 10. Be3 Rd8 11. Nfd2 g5 12. Qe2 Bd6 13. Nxd6+ Qxd6 14. Nc4 Bxc4
15. dxc4 h5 16. Rfd1 Qe7 17. Rxd8+ Qxd8 18. Bxc5 Ne7 19. Rd1 Qc8 20. Bb6 Kf7
21. Bxa5 c5 22. Rd6 Nc6 23. Qf3 Rh6 24. Bc3 Ke7 25. Rd5 Nd8 26. Bd2 Ne6 27. Qa3
Rh8 28. Be3 Rd8 29. h3 Kf7 30. Qd3 g4 31. hxg4 hxg4 32. a5 Ke7 33. Rxd8 Nxd8
34. Qd5 Ne6 35. c3 Kf7 36. g3 Kg6 37. b3 Nc7 38. Qxc5 Qd7 39. Qf8 Qh7 40. Qc8
1-0

[Event "II Balkanski Grand Prix"]
[Site "Cetinje"]
[Date "2009.08.09"]
[Round "1.3"]
[White "Kadric, Denis"]
[Black "Miladinovic, Igor"]
[Result "1/2-1/2"]
[WhiteElo "2156"]
[BlackElo "2570"]
[PlyCount "144"]
[EventDate "2009.??.??"]
[EventRounds "9"]

1. e4 c5 2. Nf3 Nc6 3. d4 cxd4 4. Nxd4 Qc7 5. Nc3 e6 6. Be2 a6 7. O-O Nf6 8.
Be3 h5 9. Nxc6 bxc6 10. f4 d5 11. e5 Ng4 12. Bxg4 hxg4 13. Qxg4 Rb8 14. b3 c5
15. Bf2 Qc6 16. Rfe1 g6 17. Rad1 Be7 18. Qf3 Bb7 19. Nb1 Qc7 20. Nd2 Qa5 21. a4
Qb4 22. c3 Qa5 23. Qe3 Ba8 24. c4 Qb4 25. Rb1 Qb7 26. Qf3 Qc8 27. Qd3 Rb4 28.
cxd5 Bxd5 29. Nc4 Qc6 30. Nd6+ Kf8 31. Rec1 Rxf4 32. Rxc5 Rxf2 33. Rxc6 Rxg2+
34. Kf1 Rhxh2 35. Rc8+ Kg7 36. Qxd5 exd5 37. Rc7 Ra2 38. Kg1 Rag2+ 39. Kf1 Rc2
40. Rxc2 Rxc2 41. Rd1 Rb2 42. Rd3 Kf8 43. Rf3 f6 44. Nc8 f5 45. Rg3 d4 46. Nxe7
Kxe7 47. Rxg6 d3 48. Rd6 a5 49. Rxd3 Ke6 50. Rd6+ Kxe5 51. Ra6 Ke4 52. Rxa5
Rxb3 53. Rb5 Ra3 54. a5 f4 55. Kf2 Ra2+ 56. Kf1 Kf3 57. Rb3+ Kg4 58. Rc3 Rxa5
59. Rb3 Re5 60. Kf2 Ra5 61. Rc3 Ra2+ 62. Kf1 Rd2 63. Ra3 Kf5 64. Ra5+ Ke4 65.
Ra4+ Rd4 66. Rxd4+ Kxd4 67. Kf2 Ke4 68. Ke2 f3+ 69. Kf2 Kf4 70. Kf1 Kg3 71. Kg1
f2+ 72. Kf1 Kf3 1/2-1/2

[Event "II Balkanski Grand Prix"]
[Site "Cetinje"]
[Date "2009.08.09"]
[Round "1.4"]
[White "Blagojevic, Dragisa"]
[Black "Bajkovic, Nikola"]
[Result "1-0"]
[WhiteElo "2545"]
[BlackElo "2143"]
[PlyCount "86"]
[EventDate "2009.??.??"]
[EventRounds "9"]

1. d4 Nf6 2. c4 e6 3. Nf3 Bb4+ 4. Bd2 Qe7 5. g3 d5 6. Bg2 Nbd7 7. Qc2 c6 8.
Bxb4 Qxb4+ 9. Nbd2 O-O 10. O-O Re8 11. a3 Qd6 12. e4 dxe4 13. Nxe4 Nxe4 14.
Qxe4 c5 15. Rfd1 cxd4 16. Nxd4 Nf6 17. Qe3 Qe7 18. Nb5 Ng4 19. Qe2 Nf6 20. Qe5
Ng4 21. Qd6 Qf6 22. Rd2 Rf8 23. Rad1 Ne5 24. Qb4 a5 25. Qc3 Nc6 26. Qxf6 gxf6
27. b3 e5 28. Rd6 Ra6 29. c5 Bg4 30. R1d2 Rc8 31. h4 Be6 32. Bd5 Bxd5 33. R2xd5
Kg7 34. Rd7 e4 35. Nd6 Rf8 36. Rxb7 Ne5 37. Nxe4 Rc8 38. Nd6 Rf8 39. Kg2 h5 40.
Nf5+ Kg6 41. Rd6 Rxd6 42. Nxd6 Rd8 43. f4 Nd7 1-0

[Event "II Balkanski Grand Prix"]
[Site "Cetinje"]
[Date "2009.08.09"]
[Round "1.5"]
[White "Luksic, Vladimir"]
[Black "Drasko, Milan"]
[Result "0-1"]
[WhiteElo "2143"]
[BlackElo "2527"]
[PlyCount "66"]
[EventDate "2009.??.??"]
[EventRounds "9"]

1. d4 e6 2. Nf3 Nf6 3. Bg5 c5 4. e3 Be7 5. c3 b6 6. Bd3 Bb7 7. Nbd2 Nc6 8. O-O
O-O 9. Ne5 Nd5 10. Nxc6 dxc6 11. Qh5 g6 12. Bxe7 Qxe7 13. Qh6 Rfd8 14. Rad1
cxd4 15. exd4 c5 16. Nf3 Nf6 17. Be2 cxd4 18. Nxd4 e5 19. Nc2 Nd5 20. Rfe1 Nf4
21. Bf1 Rxd1 22. Rxd1 Rd8 23. Re1 Qf6 24. Ne3 Bc8 25. f3 Be6 26. Bc4 Bxc4 27.
Nxc4 Nd3 28. Re4 b5 29. Ne3 Nf4 30. g3 Nh5 31. f4 exf4 32. gxf4 Qb6 33. Kf1 Nf6
0-1

[Event "II Balkanski Grand Prix"]
[Site "Cetinje"]
[Date "2009.08.09"]
[Round "1.6"]
[White "Bojkov, Dejan"]
[Black "Jokic, Miodrag"]
[Result "1-0"]
[WhiteElo "2521"]
[BlackElo "2138"]
[PlyCount "87"]
[EventDate "2009.??.??"]
[EventRounds "9"]

1. e4 d6 2. d4 Nf6 3. Nc3 g6 4. Nf3 Bg7 5. Be2 O-O 6. O-O Bg4 7. Be3 Nc6 8. d5
Nb8 9. a4 c6 10. a5 Bxf3 11. Bxf3 cxd5 12. exd5 Nbd7 13. Re1 Re8 14. Bd4 a6 15.
Na4 Rb8 16. c4 e5 17. dxe6 fxe6 18. Qd2 e5 19. Ba7 Ra8 20. Be3 e4 21. Be2 Qe7
22. Rad1 Bf8 23. Bf4 Nc5 24. Nb6 Rad8 25. Bg5 Bg7 26. Bf1 Qf7 27. b4 e3 28.
Bxe3 Nce4 29. Qc2 Ng4 30. h3 Nxe3 31. Rxe3 Ng5 32. Qd3 Kh8 33. Rxe8+ Qxe8 34.
g3 Qe6 35. h4 Nf7 36. Bg2 Ne5 37. Qe2 Qf7 38. c5 Nc6 39. Bxc6 bxc6 40. cxd6 Bc3
41. d7 Qf6 42. Qc4 Kg7 43. Na4 Be5 44. Nc5 1-0

[Event "II Balkanski Grand Prix"]
[Site "Cetinje"]
[Date "2009.08.09"]
[Round "1.7"]
[White "Kraljevic, Ivan"]
[Black "Nikolov, Momchil"]
[Result "0-1"]
[WhiteElo "2130"]
[BlackElo "2517"]
[PlyCount "84"]
[EventDate "2009.??.??"]
[EventRounds "9"]

1. d4 Nf6 2. Nc3 d5 3. Bg5 c5 4. e3 Nc6 5. Bxf6 gxf6 6. Qh5 cxd4 7. exd4 e6 8.
Bb5 Bd7 9. Nge2 f5 10. O-O Qf6 11. Rfe1 Bd6 12. Rad1 O-O-O 13. f4 Rhg8 14. Qf3
Rg4 15. Kh1 Rdg8 16. Rg1 Qh6 17. g3 Qf6 18. Rg2 h5 19. h4 Kb8 20. a3 Qd8 21. b4
Ne7 22. Rh2 Ng6 23. Rf1 Nf8 24. Qd3 Nh7 25. Nd1 Nf6 26. Nf2 Bxb5 27. Qxb5 Rxg3
28. Nxg3 Rxg3 29. Qe2 Bxf4 30. Nd3 Bc7 31. Ne5 Ng4 32. Nxg4 hxg4 33. h5 Rxa3
34. Rg1 Bxh2 35. Qxh2+ Qc7 36. Qxc7+ Kxc7 37. Kg2 Rc3 38. Rh1 Kd6 39. h6 Rc8
40. Kg3 Ke7 41. Kf4 Kf6 42. b5 Rc3 0-1

[Event "II Balkanski Grand Prix"]
[Site "Cetinje"]
[Date "2009.08.09"]
[Round "1.8"]
[White "Djukic, Nikola"]
[Black "Durutovic, Dragutin"]
[Result "1-0"]
[WhiteElo "2491"]
[BlackElo "2116"]
[PlyCount "55"]
[EventDate "2009.??.??"]
[EventRounds "9"]

1. d4 Nf6 2. c4 e6 3. Nc3 d5 4. cxd5 exd5 5. Bg5 Be7 6. e3 O-O 7. Bd3 Re8 8.
Nge2 Nbd7 9. Qc2 Nf8 10. O-O c6 11. f3 Qa5 12. a3 h6 13. Bh4 Be6 14. b4 Qc7 15.
Nf4 Bd6 16. Bxf6 Bxf4 17. exf4 gxf6 18. f5 Bd7 19. Qd2 Kg7 20. Ne2 Nh7 21. Ng3
Qb6 22. Bc2 Kh8 23. Nh5 Rg8 24. Nxf6 Nxf6 25. Qxh6+ Nh7 26. f6 Qxd4+ 27. Kh1
Rg6 28. Bxg6 1-0

[Event "II Balkanski Grand Prix"]
[Site "Cetinje"]
[Date "2009.08.09"]
[Round "1.9"]
[White "Jefic, Srdjan"]
[Black "Kosic, Dragan"]
[Result "0-1"]
[WhiteElo "2108"]
[BlackElo "2488"]
[PlyCount "92"]
[EventDate "2009.??.??"]
[EventRounds "9"]

1. e4 e6 2. d3 d5 3. Qe2 dxe4 4. dxe4 e5 5. Nf3 Nd7 6. c3 Ngf6 7. Qc2 Be7 8.
Be2 c6 9. O-O O-O 10. Nbd2 Qc7 11. Re1 Re8 12. Nf1 a5 13. a4 Nc5 14. Ng3 Be6
15. c4 Rad8 16. h3 Na6 17. Bd2 Bb4 18. Bxb4 Nxb4 19. Qc3 Nd7 20. Rad1 Nc5 21.
b3 f6 22. Rxd8 Rxd8 23. Rd1 Rxd1+ 24. Bxd1 Qd6 25. Be2 h6 26. Qd2 Qxd2 27. Nxd2
g6 28. Bd1 Kf7 29. Ne2 Ke7 30. h4 Ncd3 31. Nb1 Kd6 32. Na3 Kc5 33. Nc2 Na2 34.
Kf1 Nac1 35. Ne3 Nxe2 36. Kxe2 Kd4 37. Bc2 Nc5 38. Kd2 Nxe4+ 39. Bxe4 Kxe4 40.
Nd1 Kf4 41. Ke2 g5 42. g3+ Ke4 43. Nc3+ Kd4 44. Kd2 gxh4 45. gxh4 Bg4 46. Na2
f5 0-1

[Event "II Balkanski Grand Prix"]
[Site "Cetinje"]
[Date "2009.08.09"]
[Round "1.10"]
[White "Miron, Lucian-Costin"]
[Black "Draskovic, Luka"]
[Result "1-0"]
[WhiteElo "2479"]
[BlackElo "2079"]
[PlyCount "50"]
[EventDate "2009.??.??"]
[EventRounds "9"]

1. d4 Nf6 2. c4 e6 3. Nc3 Bb4 4. Qc2 O-O 5. a3 Bxc3+ 6. Qxc3 b6 7. Bg5 Bb7 8.
e3 d6 9. Ne2 Nbd7 10. Qc2 c5 11. Rd1 Qc7 12. Nc3 a6 13. f3 Rac8 14. Be2 cxd4
15. Rxd4 h6 16. Bh4 d5 17. Bg3 Qc5 18. Qd1 Qe7 19. cxd5 exd5 20. e4 Rfe8 21.
O-O dxe4 22. fxe4 Nc5 23. Bd6 Qe6 24. Bc4 Nb3 25. Bxe6 Rxe6 1-0

[Event "II Balkanski Grand Prix"]
[Site "Cetinje"]
[Date "2009.08.09"]
[Round "1.11"]
[White "Pobor, Nebojsa"]
[Black "Rajkovic, Dusan"]
[Result "0-1"]
[WhiteElo "2069"]
[BlackElo "2477"]
[PlyCount "54"]
[EventDate "2009.??.??"]
[EventRounds "9"]

1. d4 Nf6 2. Nf3 e6 3. c4 b6 4. g3 Ba6 5. Bg2 Bxc4 6. Nc3 Ba6 7. d5 Bb7 8. Ne5
exd5 9. Nxd5 c6 10. Ne3 d5 11. Nf5 Bc8 12. e4 Bxf5 13. exf5 Bb4+ 14. Kf1 O-O
15. g4 Re8 16. Nd3 Bd6 17. g5 Ne4 18. Qg4 Nd7 19. h4 Qc8 20. Kg1 Ne5 21. Nxe5
Rxe5 22. Bh3 Bc5 23. Rh2 Qe8 24. Bf4 Nxf2 25. Rxf2 Re1+ 26. Kg2 Bxf2 27. Kxf2
Rxa1 0-1

[Event "II Balkanski Grand Prix"]
[Site "Cetinje"]
[Date "2009.08.09"]
[Round "1.12"]
[White "Cebalo, Miso"]
[Black "Ashiku, Franc"]
[Result "1-0"]
[WhiteElo "2476"]
[BlackElo "2041"]
[PlyCount "87"]
[EventDate "2009.??.??"]
[EventRounds "9"]

1. d4 Nf6 2. Bg5 g6 3. Bxf6 exf6 4. e3 Bg7 5. c4 d6 6. Nc3 f5 7. g3 Nd7 8. Bg2
O-O 9. Nge2 Nf6 10. O-O c6 11. b4 Re8 12. b5 Ne4 13. bxc6 bxc6 14. Qa4 Bd7 15.
Nxe4 fxe4 16. Rab1 Qc7 17. Rfc1 f5 18. Rb3 Reb8 19. Rcb1 Rb6 20. Bf1 Rab8 21.
c5 Rxb3 22. cxd6 Qxd6 23. Rxb3 Rxb3 24. axb3 Be6 25. Nf4 Bf7 26. Bc4 g5 27.
Bxf7+ Kxf7 28. Qxa7+ Qe7 29. Qxe7+ Kxe7 30. Ne2 Kd6 31. g4 fxg4 32. Nc3 Ke6 33.
Nxe4 Bf8 34. h3 gxh3 35. Nxg5+ Kf5 36. Nxh3 Bh6 37. f4 Bg7 38. Kf2 Kg4 39. Kg2
h5 40. Nf2+ Kh4 41. Kf3 Bf8 42. e4 Bc5 43. e5 Bxd4 44. e6 1-0

[Event "II Balkanski Grand Prix"]
[Site "Cetinje"]
[Date "2009.08.09"]
[Round "1.13"]
[White "Mrvaljevic, Veselin"]
[Black "Stojanovic, Dalibor"]
[Result "0-1"]
[WhiteElo "2031"]
[BlackElo "2471"]
[PlyCount "104"]
[EventDate "2009.??.??"]
[EventRounds "9"]

1. e4 c5 2. Nf3 Nc6 3. d4 cxd4 4. Nxd4 Nf6 5. Nc3 d6 6. h3 e5 7. Nb3 Be7 8. g4
h6 9. Be3 a5 10. a4 Nb4 11. Bg2 Be6 12. Nd5 Bxd5 13. exd5 Nd7 14. Qd2 Rc8 15.
c3 Na6 16. O-O h5 17. g5 O-O 18. Be4 Nac5 19. Bc2 Nxb3 20. Bxb3 g6 21. Bc2 Re8
22. Rae1 Bf8 23. f4 exf4 24. Bxf4 Rxe1 25. Qxe1 Bg7 26. Qf2 Be5 27. Bxe5 Nxe5
28. Qf6 Qb6+ 29. Rf2 Re8 30. Kg2 Qe3 31. Qf4 Qxf4 32. Rxf4 Kf8 33. Kf2 Rc8 34.
Ke1 Ke7 35. Kd2 Rf8 36. b4 b6 37. bxa5 bxa5 38. Bd3 f6 39. h4 fxg5 40. Rxf8
Kxf8 41. hxg5 Nxd3 42. Kxd3 Ke7 43. c4 Kd7 44. Kd4 Kc7 45. c5 dxc5+ 46. Ke5 c4
47. Ke6 Kd8 48. Kf6 c3 49. Kxg6 c2 50. Kxh5 c1=Q 51. g6 Ke7 52. d6+ Kf6 0-1

[Event "II Balkanski Grand Prix"]
[Site "Cetinje"]
[Date "2009.08.09"]
[Round "1.14"]
[White "Bogut, Zeljko"]
[Black "Fugulyan, Grigore"]
[Result "1-0"]
[WhiteElo "2451"]
[BlackElo "2022"]
[PlyCount "127"]
[EventDate "2009.??.??"]
[EventRounds "9"]

1. e4 e5 2. Nf3 Nc6 3. Bb5 a6 4. Ba4 Nf6 5. Qe2 b5 6. Bb3 Be7 7. O-O d6 8. c3
Bg4 9. a4 O-O 10. d3 b4 11. a5 bxc3 12. bxc3 d5 13. Bg5 Rb8 14. Bxf6 Rxb3 15.
Bxe7 Nxe7 16. Qc2 dxe4 17. Nxe5 Be6 18. dxe4 Qb8 19. Nd3 Bc4 20. Nd2 Bxd3 21.
Qxb3 Bxf1 22. Qxb8 Rxb8 23. Kxf1 Nc6 24. Ke2 Rb5 25. Nc4 f5 26. exf5 Rxf5 27.
Ne3 Rc5 28. Kd3 Nxa5 29. Ra3 Kf7 30. Kd4 Rh5 31. f4 Nc6+ 32. Ke4 a5 33. h3 Ke6
34. c4 g6 35. Nd5 Kd6 36. g4 Rh4 37. f5 gxf5+ 38. Kxf5 Rh6 39. Nf4 Kc5 40. g5
Rd6 41. Ra4 Kd4 42. Nd5 Rd7 43. h4 Rf7+ 44. Kg4 Ne5+ 45. Kh5 c6 46. Nf6 Nd7 47.
Nxd7 Rxd7 48. Kh6 c5 49. h5 Kc3 50. Rxa5 Kxc4 51. Ra8 Kd3 52. Rh8 c4 53. Rxh7
Rxh7+ 54. Kxh7 c3 55. g6 c2 56. g7 c1=Q 57. g8=Q Ke2 58. Qg2+ Kd3 59. Qd5+ Ke2
60. Qe5+ Kf3 61. h6 Qc2+ 62. Kg7 Qc8 63. h7 Qd7+ 64. Kh6 1-0

[Event "II Balkanski Grand Prix"]
[Site "Cetinje"]
[Date "2009.08.09"]
[Round "1.15"]
[White "Pecurica, Milos"]
[Black "Kalezic, Blazo"]
[Result "0-1"]
[WhiteElo "2010"]
[BlackElo "2445"]
[PlyCount "62"]
[EventDate "2009.??.??"]
[EventRounds "9"]

1. d4 c5 2. d5 e5 3. e4 d6 4. Nc3 Be7 5. Nf3 Nf6 6. h3 O-O 7. Be3 Nbd7 8. Qd2
Ne8 9. g4 a6 10. Ne2 g6 11. Bh6 Ng7 12. Ng3 Kh8 13. Be2 Nf6 14. g5 Ng8 15.
Bxg7+ Kxg7 16. h4 f6 17. gxf6+ Rxf6 18. h5 Rf4 19. hxg6 hxg6 20. Rg1 Kf8 21.
Qd3 Qa5+ 22. Nd2 Bd7 23. c3 b5 24. Nb3 Qb6 25. Qe3 Bd8 26. c4 bxc4 27. Bxc4
Qb4+ 28. Qc3 Nf6 29. Qxb4 cxb4 30. Nd2 Bb6 31. Ne2 Bxf2+ 0-1

[Event "II Balkanski Grand Prix"]
[Site "Cetinje"]
[Date "2009.08.09"]
[Round "1.16"]
[White "Krivokapic, Marko"]
[Black "Vukcevic, Nemanja"]
[Result "1/2-1/2"]
[WhiteElo "2416"]
[BlackElo "1996"]
[PlyCount "75"]
[EventDate "2009.??.??"]
[EventRounds "9"]

1. e4 c5 2. Nf3 d6 3. d4 cxd4 4. Nxd4 Nf6 5. Nc3 a6 6. Be3 e5 7. Nb3 Be6 8. f3
Be7 9. Qd2 Nbd7 10. g4 b5 11. g5 Nh5 12. O-O-O O-O 13. Nd5 Bxd5 14. exd5 f5 15.
Na5 f4 16. Bf2 Bxg5 17. Nc6 Qe8 18. Rg1 Bd8 19. Bh3 g6 20. Qb4 Bc7 21. Bh4 Ndf6
22. c4 Ng7 23. Kb1 Kh8 24. c5 Nxd5 25. Rxd5 Qxc6 26. Rgd1 dxc5 27. Qc3 c4 28.
Rd7 Nf5 29. Bg5 Ne3 30. Bxf4 Nxd1 31. Qb4 Rfd8 32. Rxh7+ Kxh7 33. Qe7+ Kh8 34.
Be6 exf4 35. Qh4+ Kg7 36. Qe7+ Kh8 37. Qf6+ Kh7 38. Qe7+ 1/2-1/2

[Event "II Balkanski Grand Prix"]
[Site "Cetinje"]
[Date "2009.08.09"]
[Round "1.17"]
[White "Dedic, Slavko"]
[Black "Ivanovic, Bozidar"]
[Result "0-1"]
[WhiteElo "1989"]
[BlackElo "2415"]
[PlyCount "82"]
[EventDate "2009.??.??"]
[EventRounds "9"]

1. e4 c5 2. Nf3 d6 3. d4 cxd4 4. Nxd4 Nf6 5. Nc3 a6 6. a4 Nc6 7. Be2 e5 8. Nf3
Be7 9. h3 O-O 10. Be3 Be6 11. Ng5 d5 12. exd5 Bxd5 13. Nf3 Bb4 14. Bd2 e4 15.
Nxd5 exf3 16. Nxb4 fxe2 17. Qc1 Nxb4 18. Bxb4 Re8 19. Bd2 Qd5 20. Rg1 Rad8 21.
Be3 Qc4 22. b3 Rd1+ 23. Qxd1 exd1=Q+ 24. Kxd1 Qc3 25. Rc1 Rxe3 26. fxe3 Ne4 27.
Ke2 Qd2+ 28. Kf3 Ng5+ 29. Kg3 Qxe3+ 30. Kh2 Qf4+ 31. Kh1 Ne4 32. Rge1 h5 33.
Kg1 g5 34. Rcd1 Qf2+ 35. Kh2 Nd2 36. Kh1 g4 37. hxg4 hxg4 38. Re8+ Kg7 39. Rde1
Nf3 40. gxf3 g3 41. R8e2 g2+ 0-1

[Event "II Balkanski Grand Prix"]
[Site "Cetinje"]
[Date "2009.08.09"]
[Round "1.18"]
[White "Dumpor, Atif"]
[Black "Ljubisa, Mitar"]
[Result "1-0"]
[WhiteElo "2404"]
[BlackElo "1964"]
[PlyCount "67"]
[EventDate "2009.??.??"]
[EventRounds "9"]

1. d4 d5 2. Nf3 e6 3. c4 Be7 4. Nc3 Nf6 5. Bg5 Ne4 6. Bxe7 Qxe7 7. cxd5 Nxc3 8.
bxc3 exd5 9. Qb3 c6 10. e3 O-O 11. c4 dxc4 12. Bxc4 b5 13. Bd3 Be6 14. Qc2 h6
15. O-O Rc8 16. Rfc1 Na6 17. a3 c5 18. d5 Bxd5 19. Bxb5 Qf6 20. e4 Bb7 21. Rab1
Qf4 22. Re1 Rc7 23. Bc4 Nb8 24. Rxb7 Rxb7 25. Bd5 Qc7 26. Ne5 a6 27. Nxf7 Kf8
28. Bxb7 Qxb7 29. Ne5 Qc7 30. f4 Ra7 31. Qc4 Qd6 32. Rb1 Re7 33. Rxb8+ Qxb8 34.
Ng6+ 1-0

[Event "II Balkanski Grand Prix"]
[Site "Cetinje"]
[Date "2009.08.09"]
[Round "1.19"]
[White "Markovic, Danko"]
[Black "Nikcevic, Nebojsa"]
[Result "0-1"]
[WhiteElo "1946"]
[BlackElo "2381"]
[PlyCount "82"]
[EventDate "2009.??.??"]
[EventRounds "9"]

1. e4 c5 2. Nf3 g6 3. g3 Bg7 4. Bg2 Nc6 5. O-O Nf6 6. Re1 d6 7. d4 Bg4 8. c3
Nd7 9. Qd3 Bxf3 10. Bxf3 cxd4 11. Bg2 Nc5 12. Qd1 O-O 13. cxd4 Bxd4 14. Nc3 Rc8
15. Bh6 Re8 16. Rb1 a6 17. Bh3 e6 18. Qd2 Bh8 19. Rbd1 Ne5 20. Qe2 b5 21. Nb1
Qa5 22. f4 Ned3 23. Rf1 Qb6 24. Kh1 Nxb2 25. Rd2 Nc4 26. Rdd1 Na4 27. f5 exf5
28. Bxf5 Rc7 29. Bh3 Qc6 30. Bg2 Ne5 31. Bf4 b4 32. Qd2 Nc3 33. Nxc3 bxc3 34.
Qxd6 c2 35. Qxc6 Rxc6 36. Rd5 Rb8 37. Rc1 Bf6 38. Rd2 Rb2 39. a4 Rc3 40. Bf1
Nc4 41. Rd7 g5 0-1

[Event "II Balkanski Grand Prix"]
[Site "Cetinje"]
[Date "2009.08.09"]
[Round "1.20"]
[White "Nikac, Predrag"]
[Black "Rasovic, Uros"]
[Result "1-0"]
[WhiteElo "2361"]
[BlackElo "1939"]
[PlyCount "103"]
[EventDate "2009.??.??"]
[EventRounds "9"]

1. e4 c5 2. Nf3 d6 3. d4 cxd4 4. Qxd4 a6 5. Nc3 Nc6 6. Qe3 Nf6 7. Bc4 e6 8. O-O
Qc7 9. Bb3 Be7 10. Qg5 O-O 11. Qh4 Qa5 12. Bd2 Qh5 13. Qxh5 Nxh5 14. Rad1 b5
15. Rfe1 Bb7 16. Nd5 Bd8 17. Nf4 Nf6 18. Bc3 Be7 19. a3 h6 20. h3 g5 21. Nd3
Ne5 22. Nfxe5 dxe5 23. f3 Nd7 24. Nxe5 Nc5 25. Nd7 Rfd8 26. Nxc5 Bxc5+ 27. Kh1
Bf2 28. Bf6 Bxe1 29. Bxd8 Bg3 30. Bf6 Bc6 31. c3 Ra7 32. Kg1 Kh7 33. Bc2 Kg6
34. e5+ Kh5 35. Kf1 Rd7 36. Rxd7 Bxd7 37. b3 Kh4 38. Be4 Bf4 39. c4 bxc4 40.
bxc4 Kg3 41. Bb7 a5 42. Ba6 Be3 43. Bd8 Bc5 44. Bb5 Bc8 45. a4 Kf4 46. Bxa5
Kxe5 47. Bc7+ Kd4 48. a5 e5 49. a6 Ba7 50. Ba5 Be6 51. Be1 Bxc4+ 52. Bxc4 1-0

[Event "II Balkanski Grand Prix"]
[Site "Cetinje"]
[Date "2009.08.09"]
[Round "1.21"]
[White "Stamatovic, Vladimir"]
[Black "Budimir, Boris"]
[Result "0-1"]
[WhiteElo "1908"]
[BlackElo "2352"]
[PlyCount "32"]
[EventDate "2009.??.??"]
[EventRounds "9"]

1. d4 Nf6 2. c4 g6 3. Nc3 Bg7 4. Nf3 O-O 5. e4 d6 6. Bd3 Bg4 7. Bg5 Bxf3 8.
Qxf3 Nc6 9. Ne2 Nd7 10. Be3 Nde5 11. dxe5 Nxe5 12. Qg3 Nxd3+ 13. Kd2 Nxb2 14.
Rac1 c5 15. Nf4 Qa5+ 16. Ke2 Nxc4 0-1

[Event "II Balkanski Grand Prix"]
[Site "Cetinje"]
[Date "2009.08.09"]
[Round "1.22"]
[White "Galic, Ivan"]
[Black "Jovancevic, Jovan"]
[Result "1-0"]
[WhiteElo "2349"]
[BlackElo "1887"]
[PlyCount "55"]
[EventDate "2009.??.??"]
[EventRounds "9"]

1. c4 Nf6 2. Nc3 d5 3. cxd5 Nxd5 4. Qa4+ Bd7 5. Qh4 Nxc3 6. dxc3 Nc6 7. Nf3 g6
8. Bh6 e5 9. Bg5 Be7 10. g3 h6 11. Bxe7 Qxe7 12. Qxe7+ Kxe7 13. Nd2 Rhd8 14.
Bg2 Be6 15. Bxc6 bxc6 16. O-O-O f5 17. b3 c5 18. c4 Kf6 19. Nb1 Bd7 20. Rhe1
Bc6 21. Rxd8 Rxd8 22. Nc3 Rd4 23. a4 a6 24. Kc2 e4 25. h4 Ke5 26. a5 Kd6 27.
Na2 Be8 28. e3 1-0

[Event "II Balkanski Grand Prix"]
[Site "Cetinje"]
[Date "2009.08.09"]
[Round "1.23"]
[White "Potpara, Nikola"]
[Black "Dabetic, Radojica"]
[Result "1-0"]
[WhiteElo "1838"]
[BlackElo "2340"]
[PlyCount "61"]
[EventDate "2009.??.??"]
[EventRounds "9"]

1. d4 Nf6 2. c4 g6 3. Nc3 d5 4. Nf3 Bg7 5. cxd5 Nxd5 6. e4 Nxc3 7. bxc3 c5 8.
Be3 O-O 9. Qd2 Qa5 10. Rc1 cxd4 11. cxd4 Qxd2+ 12. Nxd2 Nc6 13. Nb3 Rd8 14. d5
Ne5 15. Be2 f5 16. f4 Nf7 17. exf5 Bxf5 18. Bf3 Nd6 19. O-O Be4 20. Bxe4 Nxe4
21. Rc7 b6 22. Rxe7 Nf6 23. Bd4 Rxd5 24. Rc1 Rad8 25. Rcc7 Bh8 26. Rxa7 Rxd4
27. Nxd4 Nd5 28. Nc6 Bd4+ 29. Kf1 Rf8 30. Nxd4 Rxf4+ 31. Nf3 1-0

[Event "II Balkanski Grand Prix"]
[Site "Cetinje"]
[Date "2009.08.09"]
[Round "1.24"]
[White "Paulet, Iozefina"]
[Black "Batricevic, Bozo"]
[Result "1-0"]
[WhiteElo "2327"]
[BlackElo "1772"]
[PlyCount "71"]
[EventDate "2009.??.??"]
[EventRounds "9"]

1. e4 e5 2. Nf3 Nc6 3. Bb5 a6 4. Ba4 Nf6 5. O-O Be7 6. Re1 b5 7. Bb3 d6 8. c3
O-O 9. d3 Na5 10. Bc2 c5 11. Nbd2 Nc6 12. Nf1 Ne8 13. Ng3 g6 14. d4 cxd4 15.
cxd4 Qc7 16. Bh6 Ng7 17. Rc1 Qb7 18. Bb3 Bd7 19. Bd5 Bf6 20. Ng5 Bxg5 21. Bxg5
Qb6 22. dxe5 dxe5 23. Be3 Nd4 24. f4 Nge6 25. fxe5 Rad8 26. Nf5 gxf5 27. exf5
Qa5 28. Qg4+ Ng7 29. e6 Ndxf5 30. exf7+ Kh8 31. Bc5 Ne3 32. Qg5 Nxd5 33. Bd4
Rxf7 34. b4 Nxb4 35. Rf1 Rdf8 36. Bxg7+ 1-0

[Event "II Balkanski Grand Prix"]
[Site "Cetinje"]
[Date "2009.08.09"]
[Round "1.25"]
[White "Delevic, Nina"]
[Black "Mijovic, Stefan"]
[Result "0-1"]
[WhiteElo "1761"]
[BlackElo "2325"]
[PlyCount "64"]
[EventDate "2009.??.??"]
[EventRounds "9"]

1. d4 d5 2. c4 e6 3. e3 Nf6 4. Nc3 Be7 5. Nf3 O-O 6. Bd3 c5 7. dxc5 dxc4 8.
Bxc4 Qxd1+ 9. Nxd1 Bxc5 10. Nc3 a6 11. O-O b5 12. Be2 Nc6 13. Rd1 Bb7 14. Nd4
Nxd4 15. exd4 Bb6 16. Bf4 Rfd8 17. Be3 Rd7 18. b4 Rc8 19. Rac1 Rdc7 20. Nb1
Rxc1 21. Bxc1 Bxd4 22. Rxd4 Rxc1+ 23. Rd1 Rc8 24. Nc3 Kf8 25. Rd3 Nd5 26. Nxd5
Bxd5 27. h3 Rc1+ 28. Kh2 Rc2 29. Bf3 Bxf3 30. Rxf3 Rxa2 31. Rc3 Rxf2 32. Ra3
Rb2 0-1

[Event "II Balkanski Grand Prix"]
[Site "Cetinje"]
[Date "2009.08.09"]
[Round "1.26"]
[White "Vujacic, Borivoje"]
[Black "Lekic, Lazar"]
[Result "1-0"]
[WhiteElo "2315"]
[BlackElo "1755"]
[PlyCount "77"]
[EventDate "2009.??.??"]
[EventRounds "9"]

1. e4 c5 2. Nf3 e6 3. d4 cxd4 4. Nxd4 a6 5. Bd3 Bc5 6. Nb3 Be7 7. Qg4 g6 8. Qe2
d6 9. O-O Nd7 10. a4 b6 11. Na3 Qc7 12. Nc4 Ne5 13. Nxe5 dxe5 14. Be3 Nf6 15.
Bh6 Bf8 16. Qd2 Bb7 17. Bxf8 Kxf8 18. Qh6+ Ke7 19. Rfe1 Nd7 20. a5 Nc5 21. axb6
Qxb6 22. Qg5+ f6 23. Qe3 Rac8 24. Ra5 Nd7 25. Qxb6 Nxb6 26. Nc5 Rc7 27. Nxa6
Bxa6 28. Rxa6 Rb8 29. b3 Nd7 30. Ra2 Nc5 31. Bf1 Rb4 32. f3 Rd4 33. c3 Nd3 34.
cxd4 Nxe1 35. dxe5 fxe5 36. Bc4 Rd7 37. Kf1 Nd3 38. Ra6 Nc5 39. Rc6 1-0

[Event "II Balkanski Grand Prix"]
[Site "Cetinje"]
[Date "2009.08.09"]
[Round "1.27"]
[White "Sonfalean, Maria-Laura"]
[Black "Vulevic, Vjekoslav"]
[Result "0-1"]
[WhiteElo "1736"]
[BlackElo "2315"]
[PlyCount "44"]
[EventDate "2009.??.??"]
[EventRounds "9"]

1. e4 b6 2. d4 Bb7 3. Nc3 e6 4. Nf3 Bb4 5. Bd3 c5 6. O-O cxd4 7. Nxd4 Nc6 8.
Be2 Nf6 9. Bf3 Ne5 10. Re1 O-O 11. Bg5 a6 12. a3 Be7 13. Bf4 d6 14. Qe2 Qc7 15.
Rad1 Rac8 16. Qe3 Nc4 17. Qc1 e5 18. Bxe5 dxe5 19. Nf5 h6 20. Rd3 Rfe8 21. Red1
Bf8 22. b3 Nxa3 0-1